00907nas a2200217 4500001001000000003000900010005001700019007000300036008003400039040005400073041000900127072000800136100002000144100002300164245015200187246017300339650002300512650002300535650001300558773011800571BR9214172BR-BrBNA20231205093557.0ta230509b bl.|||p| |||| 00| 00por d aBR-BrBNAbporcBiblioteca Nacional de Agricultura a(Pt) aL721 aPavanelli, G.C.1 aSantos, M.H.M. dos1 aGoezeella agostinhoi sp. n. e Monticellia loyolai sp. n., cestoides proteocefalideos parasitas de peixes pimelodideos do rio Parana, Parana, Brasil1 aGoezeella agostinhoi sp. n. and Monticellia loyolai sp. n., Proteocephalidean cestoides as parasites of pimelodidean fishes of the Parana river, state of Parana, Brazil aPeixe de Agua Doce aParasito de Animal aPARANÁ0 tRevista Brasileira de Parasitologia Veterinaria (Brazil)xISSN 0103-846Xg(Feb 1992), v. 1(1) p. 45-50wBR9214172